Catálogo
 En Linea

Comercialización creativa. / (Registro nro. 35584)

Detalles MARC
000 -CABECERA
campo de control de longitud fija 00668nam a2200205 a 4500
001 - NÚMERO DE CONTROL
campo de control 000036093
005 - FECHA Y HORA DE LA ÚLTIMA TRANSACCIÓN
campo de control 20200930074854.0
008 - DATOS DE LONGITUD FIJA--INFORMACIÓN GENERAL
campo de control de longitud fija 111207s1983 mx 000 0 spa d
020 ## - NÚMERO INTERNACIONAL ESTÁNDAR DEL LIBRO
Número Internacional Estándar del Libro 9682606624
040 ## - FUENTE DE LA CATALOGACIÓN
Centro catalogador/agencia de origen DO-SdBNP
Lengua de catalogación spa
Centro/agencia transcriptor BNPHU
082 ## - NÚMERO DE LA CLASIFICACIÓN DECIMAL DEWEY
Número de clasificación xxxx
Número de documento/Ítem L666c
100 1# - ENTRADA PRINCIPAL--NOMBRE DE PERSONA
Nombre de persona Levitt, Theodore
9 (RLIN) 62131
240 10 - TÍTULO UNIFORME
Título uniforme The marketing imagination
Lenguaje de la obra Español
245 10 - MENCIÓN DE TÍTULO
Título Comercialización creativa. /
Mención de responsabilidad, etc. Theodore Levitt; traducido por Jorge Gutierrez Villarreal.
250 ## - MENCIÓN DE EDICIÓN
Mención de edición 2a ed.
260 ## - PUBLICACIÓN, DISTRIBUCIÓN, ETC.
Lugar de publicación, distribución, etc. México :
Nombre del editor, distribuidor, etc. Compañia Editorial Continental,
Fecha de publicación, distribución, etc. 1983.
300 ## - DESCRIPCIÓN FÍSICA
Extensión 191 p. ;
Dimensiones 23 cm.
500 ## - NOTA GENERAL
Nota general Traducido del inglés
700 1# - PUNTO DE ACCESO ADICIONAL--NOMBRE DE PERSONA
Nombre de persona Gutiérrez Villarreal, Jorge,
Término indicativo de función/relación tr.
9 (RLIN) 62132
Existencias
Estado de retiro Estado de pérdida Restricciones de uso No para préstamo Código de colección Localización permanente Ubicación/localización actual Ubicación en estantería Fecha de adquisición Número de inventario Total de préstamos Signatura topográfica completa Código de barras Fecha visto por última vez Precio válido a partir de Tipo de ítem Koha
      Excluido de préstamo Monografías: Libros y Folletos General General En catalogación 07.12.2011 LF1   xxxx L666c 36093-10 25.06.2020 25.06.2020 No se presta

Con tecnología Koha